[Event "Goch op 27th"]
[Site "Goch"]
[Date "2016.09.04"]
[Round "7"]
[White "Pollmann, Alfons"]
[Black "Bauchmueller, Heinrich"]
[Result "0-1"]
[WhiteElo "989"]
[BlackElo "1635"]
[PlyCount "52"]
[EventDate "2016.09.01"]
[EventType "swiss"]
[EventRounds "7"]
[EventCountry "GER"]
[SourceTitle "EXT 2018"]
[Source "ChessBase"]
[SourceDate "2017.10.13"]
[SourceVersion "1"]
[SourceVersionDate "2017.10.13"]
[SourceQuality "1"]

1. c4 c5 2. d4 cxd4 3. Qxd4 Nc6 4. Qd1 g6 5. Nc3 Bg7 6. Bd2 d6 7. e4 Nf6 8. Bd3 Ne5 9. Be2 0-0 10. Nf3 Nxf3+ 11. Bxf3 Nd7 12. 0-0 Ne5 13. Qe2 Be6 14. Nd5 Rc8 15. Rac1 Bd7 16. b3 e6 17. Bf4 exd5 18. cxd5 Qb6 19. Be3 Nxf3+ 20. Qxf3 Qa6 21. a4 Rfe8 22. Rfd1 b6 23. Bf4 h5 24. Bxd6 Bg4 25. Qd3 Qxd3 26. Rxd3 Rxc1+ 0-1

[Event "Goch op 27th"]
[Site "Goch"]
[Date "2016.09.03"]
[Round "5"]
[White "Pollmann, Alfons"]
[Black "Melde, Benjamin"]
[Result "0-1"]
[WhiteElo "989"]
[BlackElo "1699"]
[PlyCount "86"]
[EventDate "2016.09.01"]
[EventType "swiss"]
[EventRounds "7"]
[EventCountry "GER"]
[SourceTitle "EXT 2018"]
[Source "ChessBase"]
[SourceDate "2017.10.13"]
[SourceVersion "1"]
[SourceVersionDate "2017.10.13"]
[SourceQuality "1"]

1. c4 e5 2. Nc3 Bb4 3. d4 Nc6 4. dxe5 Nxe5 5. Bf4 Ng6 6. Bg3 Nf6 7. e3 0-0 8. Be2 d5 9. Nf3 Ne4 10. 0-0 Bxc3 11. bxc3 Nxc3 12. Qd2 Nxe2+ 13. Qxe2 dxc4 14. Qxc4 c6 15. Rfd1 Qe7 16. Bd6 Qf6 17. Bxf8 Nxf8 18. Qd4 Qg6 19. Ne5 Qc2 20. Qc4 Qxc4 21. Nxc4 Be6 22. Nd2 b6 23. h3 f6 24. Nf3 c5 25. Rd2 Kf7 26. Rad1 Ke7 27. Ne1 c4 28. Rc1 b5 29. Nc2 Rc8 30. Nd4 Bd7 31. Rb2 a6 32. Rc3 Ne6 33. Nxe6 Bxe6 34. Ra3 Rc6 35. Rc3 Kd6 36. Rd2+ Ke7 37. g4 a5 38. a3 b4 39. axb4 axb4 40. Rcc2 c3 41. Rd4 b3 42. Rc1 b2 43. Rcd1 c2 0-1

[Event "Goch op 26th"]
[Site "Goch"]
[Date "2015.09.06"]
[Round "7"]
[White "Pollmann, Alfons"]
[Black "Spicks, Norbert"]
[Result "0-1"]
[WhiteElo "940"]
[BlackElo "1740"]
[PlyCount "44"]
[EventDate "2015.09.03"]
[EventType "swiss"]
[EventRounds "7"]
[EventCountry "GER"]
[SourceTitle "EXT 2018"]
[Source "ChessBase"]
[SourceDate "2017.10.13"]
[SourceVersion "1"]
[SourceVersionDate "2017.10.13"]
[SourceQuality "1"]

1. c4 e6 2. d4 d5 3. Nc3 Nf6 4. Bg5 c6 5. e3 h6 6. Bxf6 Qxf6 7. Bd3 Bb4 8. Nf3 0-0 9. 0-0 Nd7 10. Re1 e5 11. dxe5 Nxe5 12. Nxe5 Qxe5 13. Rc1 dxc4 14. Bxc4 Bf5 15. Bd3 Rad8 16. a3 Rxd3 17. Qa4 Bxc3 18. Rxc3 Rxc3 19. bxc3 Rd8 20. Qb4 Qb5 21. Qe7 Qd5 22. g3 Bh3 0-1

[Event "Goch op 26th"]
[Site "Goch"]
[Date "2015.09.04"]
[Round "2"]
[White "Pollmann, Alfons"]
[Black "Ries, Heinz Gerd"]
[Result "0-1"]
[WhiteElo "940"]
[BlackElo "1779"]
[PlyCount "102"]
[EventDate "2015.09.03"]
[EventType "swiss"]
[EventRounds "7"]
[EventCountry "GER"]
[SourceTitle "EXT 2018"]
[Source "ChessBase"]
[SourceDate "2017.10.13"]
[SourceVersion "1"]
[SourceVersionDate "2017.10.13"]
[SourceQuality "1"]

1. c4 e5 2. Nc3 Nf6 3. d4 exd4 4. Qxd4 Nc6 5. Qd1 Bb4 6. a3 Be7 7. e4 d6 8. Bd3 Ne5 9. h3 Be6 10. Nf3 c6 11. 0-0 Qd7 12. Ng5 h6 13. Nxe6 Qxe6 14. Bf4 Nxc4 15. Bxc4 Qxc4 16. Re1 0-0 17. Rc1 Qa6 18. e5 dxe5 19. Bxe5 Rad8 20. Qf3 Qd3 21. Qxd3 Rxd3 22. Bg3 Bd6 23. Bxd6 Rxd6 24. Ne4 Nxe4 25. Rxe4 Rfd8 26. Rce1 Kf8 27. Re7 Rd1 28. R7e2 Rxe1+ 29. Rxe1 Rd2 30. Rb1 Ke7 31. b4 b5 32. f3 f5 33. Rc1 Kd6 34. Rc5 g6 35. Rc3 f4 36. Kf1 g5 37. Rc5 Rd3 38. Rf5 Re3 39. Rf6+ Re6 40. Rf7 c5 41. bxc5+ Kxc5 42. Rxa7 Kc4 43. a4 b4 44. a5 b3 45. a6 Rc6 46. Rb7 Rxa6 47. Ke2 Kc3 48. Rc7+ Kb2 49. Kd2 Rd6+ 50. Ke2 Kb1 51. Rc3 b2 0-1